|
|
|
|
| LEADER |
00898nam a2200277 4500 |
| 001 |
DLU090071443 |
| 005 |
##20090515 |
| 040 |
# |
# |
|a DLU
|b vie
|
| 041 |
# |
# |
|a vie
|
| 044 |
# |
# |
|a vn
|
| 100 |
# |
# |
|a Nguyễn Thị Phượng,
|c ThS.
|
| 245 |
# |
# |
|a Vài nét về hoạt động bảo đảm quyền công dân của chính quyền địa phương ở nước ta hiện nay /
|c Nguyễn Thị Phượng.
|
| 653 |
# |
# |
|a Chính quyền địa phương
|
| 653 |
# |
# |
|a Kiến nghị
|
| 653 |
# |
# |
|a Quyền công dân
|
| 653 |
# |
# |
|a Thực trạng
|
| 773 |
# |
# |
|t Nhà nước và pháp luật
|g Số 8(220), 2006, tr. 13-18
|
| 920 |
# |
# |
|a Phòng Tạp chí -- Trung tâm Thông tin - Thư viện Trường Đại học Đà Lạt
|
| 994 |
# |
# |
|a DLU
|
| 900 |
# |
# |
|a True
|
| 911 |
# |
# |
|a Nguyễn Thị Hồng Lê
|
| 925 |
# |
# |
|a G
|
| 926 |
# |
# |
|a A
|
| 927 |
# |
# |
|a BB
|
| 980 |
# |
# |
|a Thư viện Trường Đại học Đà Lạt
|